000 00979nam a2200193Ia 4500
001 11090
003 GE_BSU
008 181216s||||||||xx |||||||||||||| ||und||
040 _cGE_BSU
080 _a81'374.3=353.1
245 _aქართული ენის განმარტებითი ლექსიკონი.ერთტომეული.ნაკვ.მეორე. მ-ჰ.
245 _cსარედ.კოლეგია:ირ.აბაშიძე, რ.მეტრეველი,არნ.ჩიქობავა და სხვ. მთ.რედ. არნ.ჩიქობავა. რედ.მ.ჭაბაშვილი.
260 _aთბილისი.
260 _bგ.გ.
260 _c1990.
300 _a1276გვ;21სმ.
653 _aქართული ენის განმარტებითი ლექსიკონი.ერთტომეული.ნაკვ.მეორე. მ-ჰ.
942 _cBK
999 _c44331
_d44331